Дело об учреждении в Санкт-Петербургском университете при кафедре анатомии человека и физиологии животных должности прозектора, ...

Доступно только в Электронных читальных залах Найти на картеНа карте
RUSMARC
00003978nmc2a22000003x 450
001315dcf08-41f3-4b7c-a59b-dcb2a41fac76
00520180711154634.0
100##$a20160415l18711873k l0rusy0189 ca
1010#$arus
102##$aRU
2001#$aДело об учреждении в Санкт-Петербургском университете при кафедре анатомии человека и физиологии животных должности прозектора, с отпуском содержания из сумм Государственного казначейства. Тут же: об отпуске из Государственного казначейства 600 рублей на содержание при Санкт-Петербургском университете помощника библиотекаря
$j23 декабря 1871 г. - 24 ноября 1873 г.
251##$cДело
300##$aДело
801#0$aRU
$bРГИА
$c20160415
$gRCR
801#1$aRU
$bГлавНИВЦ
$c20160415
$2rusmarc
801#2$aRU
$bПБ им. Б.Н. Ельцина
$c20180711
$gRCR
$2rusmarc
850##$aРГИА
852##$aРГИА
$eФедеральное казенное учреждение "Российский государственный исторический архив" (РГИА)
$j995
937##$hРГИА
$d12196299
$aASBIBLIO_SCAN
462#0$100175ee99a9-5750-4f16-9283-bc673fb37de8
$12001
$aДела разряда высших учебных заведений Департамента народного просвещения за 1838-1872 гг.
$1251
$cОпись
$1852
$j147
461#0$1001a74412a3-3cc5-4d21-8f0a-dfe2fbd9e72d
$12001
$aДепартамент народного просвещения Министерства народного просвещения (1803-1917)
$1251
$cФонд
$1852
$j733
215##$a66 л.
$d36,5х26 см
371##$aДокумент не является опубликованным и широко распространяемым
105##$ay###
1222#$ad
035##$a315dcf08-41f3-4b7c-a59b-dcb2a41fac76
856##$uhttp://readingroom.main.prlib.ru/item.aspx?id_node=n117139342&mode=full
Формат отображения